Statistiques concernant Trouver le joueur spécial Equipe de France

Cliquez ici pour prendre le quiz!

Statistiques générales

  • Ce quiz a été pris 298 fois
  • Le résultat moyen est 14 sur 20

Statistiques - réponses

Réponse% Correct
Benzema
100%
Matuidi
95%
Evra
91%
Tolisso
91%
Hernandez
90%
Lacazette
88%
Nasri
86%
Gignac
80%
Cabaye
78%
Desailly
78%
Gourcuff
76%
Debuchy
65%
Djorkaeff
63%
Coupet
56%
Malouda
56%
Giuly
52%
Pléa
47%
Diaby
43%
Réveillère
30%
Vairelles
19%

Distribution des résultats

Percentile par nombre de réponses

% des personnes avec chaque résultat

Votre développement - résultats

Vous n’avez pas pris ce quiz